The Slavonic and East European Review. American Series

Manylion Llyfryddiaeth
Fformat: Electronig Cylchgrawn
Iaith:English
Cyhoeddwyd: Cambridge University Press
Pynciau:
Mynediad Ar-lein:Full text available on JSTOR[1943-03-01 - 1944-12-01]
Off-campus access
LEADER 01023cas a2200217 a 4500
001 AALejournalJSTOR002642
008 230228c9999 xx r poo 0 0eng d
022 |a 1535-0940 
022 |a 2330-6246 
040 |a BD-DhAAL  |c BD-DhAAL 
245 0 0 |h [electronic resource]  |a The Slavonic and East European Review. American Series 
260 |b Cambridge University Press 
300 |a 1 online resource 
362 0 |a Vol. 2,  |a no. 1 
500 |a <strong>Off-Campus Access:</strong> Athens ID and Password Required 
500 |a <strong>On-Campus Access:</strong> No User ID or Password Required 
506 |a Electronic access restricted to authorized BRAC University faculty, staff and students 
538 |a Mode of access: Internet 
650 4 |a Area Studies ; Slavic Studies 
856 4 0 |z Full text available on JSTOR[1943-03-01 - 1944-12-01]  |u https://www.jstor.org/journal/slaveasteurorevi 
856 4 0 |z Off-campus access  |u https://go.openathens.net/redirector/bracu.ac.bd?url=https%3A%2F%2Fwww.jstor.org%2Fjournal%2Fslaveasteurorevi